Mistrzostwa świata 1930 - Statystyki

Ogólne statystyki
  • Ten quiz został rozwiązany 24 razy
  • Średni wynik to 10 z 13
Statystyki odpowiedzi
Drużyny % Poprawnych
Urugwaj
100%
Argentyna
96%
Brazylia
96%
USA
96%
Francja
92%
Meksyk
88%
Meksyk
88%
Chile
75%
Jugosławia
67%
Boliwia
63%
Paragwaj
63%
Belgia
42%
Rumunia
42%
Nie znaleziono quizów pasujących do podanych kryteriów
Rozkład punktacji
Procent ludzi z każdym wynikiem
Percentyl według liczby udzielonych odpowiedzi
Twoja historia wyników
Nie rozwiązałeś tego quizu